MDQL
is popping MORE tags! Check the
thread
!
Quizzes
Events
Quiz Creation
Community
Videos
Private Events
Remove Ads
Sign In
Join for FREE
Feedback
Dark Mode
Quiz Categories
Sports
Geography
Music
Movies
Television
Just For Fun
Miscellaneous
History
Literature
Language
Science
Gaming
Entertainment
Religion
Holiday
For Kids
Quiz Lab
Recent
Popular Today
Quiz Kudos Today
Editor Picks
Curator Picks
Quizzes by...
Day
Popularity
Type
Ratings
Length
Year
Community
Subscriptions
Recent Discussions
Orange Saloon
Badges
Playlists
Quests
Create
Leaderboards
Showdown
Live 5
Trivia Bingo
Activity
Puzzle Library
Sporcle Events
Private Events
Virtual Trivia
Globe League
Become a Host
Pub Owners
SporcleCon
Opinionation
Our Games
Videos
Blog
Mobile Apps
Partnerships
Remove Ads and Go Orange
Feedback
Geography
Country
Landmarks
City
State
Population
World
Capital
Continent
Flags
Europe
Africa
Asia
South America
North America
Oceania
Border
Canada
United Kingdom
Topography
United States
Geography
Country
Landmarks
City
State
Population
World
Capital
Continent
Flags
Europe
Africa
Asia
South America
North America
Oceania
Border
Canada
United Kingdom
Topography
United States
Random Quiz
Search Sporcle
×
Quiz Lab
Quiz Lab
Geography
Letter
Type in answers that appear in a list
Type in answers that appear in a list
Classic
Best Score? Go Orange.
Geographic names containing two b's Stats
Can you name the selected geographic names that contain the letter B twice?
By
dancastro
8m
20 Questions
153 Plays
153 Plays
153 Plays
Comments
Comments
Give Quiz Kudos
Give Quiz Kudos
-
- Ratings
hide this ad
Replay
Link that replays current quiz
Next Quiz
Link to next quiz in quiz playlist
You Got
0%
They Got
Avg Score
45%
Avg Friend Score
Upgrade to see
Score Distribution
Jump to the score distribution portion of the page
Score
0/20
Timer
08:00
0
Plays Today
Hint
Name
% Correct
This Caribbean island nation has also a capital whose name begins with B. The name of the country is related to the Spanish word for 'beard'
Barbados
90.8%
This African country was known as Southern Rhodesia when it was a British colony
Zimbabwe
82.4%
This capital of an Australian state is the third most populated city in the country
Brisbane
73.2%
This former name of the capital of the Indian state of Maharashtra was changed in 1995 to the one currently used
Bombay
69.9%
The name of this German state is also that of a famous gate of Berlin
Brandenburg
69.9%
The name of this other Caribbean island is part of the name of another country, and has also a beard-
related etymology
Barbuda
62.7%
This capital of an African landlocked country has also another consonant repeated twice and a vowel repeated four times
Addis Ababa
60.1%
This is also a capital of an African landlocked country, smaller than the previous one
Bujumbura
56.2%
This Spanish city is the capital of the province of Biscay and is the most populated city of the Basque Country
Bilbao
54.9%
The name of this German city contains the same word repeated twice; this word is also part of the name of the state to which the city belongs
Baden-Baden
51%
Hint
Name
% Correct
This is also a capital of an African landlocked country (yes, there are three of them in this quiz)
Mbabane
48.4%
The name of this Argentine city means 'white bay'; the first word (meaning 'bay') is also the name of a Brazilian state
Bahía Blanca
28.1%
This suburb of Panama City belonged to the Canal Zone and was named after the discoverer of the Pacific Ocean
Balboa
26.1%
This Ugandan city (near Kampala) became famous after a hostage-
rescue operation in 1976
Entebbe
24.2%
This word is part of the official name (in Italian) of both Italy and San Marino
Repubblica
22.9%
Capt. James Cook landed at this Australian place (near modern Sydney) in 1770
Botany Bay
20.3%
This province of Belgium was divided in 1995 into a Flemish-
speaking part, a French-
speaking part and the city of Brussels (bilingual)
Brabant
17%
This Israeli city in the Negev desert was historically considered the southernmost part of the country (the northernmost being Dan)
Beersheba
16.3%
This historical region of eastern Europe had almost exactly the same territorial extension as the modern Moldova
Bessarabia
16.3%
The name of this strait that joins the Red Sea and the Gulf of Aden means 'Gate of Grief' in Arabic, and in fact it has three b's
Bab-el-Mandeb
10.5%
Quiz Playlist
Details
Report
Send in Message
Add To Playlist
Classic:
Type in answers that appear in a list
Last Updated: Feb 16, 2017
Quiz Scoreboard
CHALLENGE
Sign Up to Join the Scoreboard
Show All
Scores
Hide
Comments
May contain spoilers
Recently Published
Street Fighter Characters
by Artimus82
Gaming
60s
9x9 Crossword: Cartoon Network
by jackfrog10
Miscellaneous
3m
College Basketball Coaching Resumes
by pancakes188
Sports
9m
More to Explore
Quiz From the Vault
Featured Blog Post
Where Did the Easter Bunny Come From?
hide this ad
You Might Also Like...
Tags
Letter Quiz
Selected
Twice
Today's Top Quizzes in Geography
Browse Geography
hide this ad
Today's Top Quizzes in Letter
Browse Letter
Top Contributed Quizzes in Geography
1
Countries of the World - No Outlines Minefield
2
Top 25 Cities of France on a map
3
Any capital of a 'B' country per Continent
4
Any capital of a 'C' country per Continent
5
Closest Countries to UK A-Z
6
Any capital of a 'D' country per Continent
7
5-to-1: US Geography No Hints
8
Any capital of an 'E' country per Continent
9
Find the US States - No Outlines
10
Any capital of an 'F' country per Continent
Explore More
Trending Topics
Kpop
Anime
Marvel
Crossword
Harry Potter
NBA
Disney
Song
The Office
Pokémon
Country
NFL
WWE
Puzzle
Soccer
hide this ad
More By:
dancastro
Quiz
Plays
Rating
Category
Featured
Created
Longest Countries
193,271
4.66
Geography
Sep 16, 2010
Slimmest Countries
148,290
4.36
Geography
Oct 10, 2010
Eccentric State Capitals
107,250
4.39
Geography
Jan 9, 2011
Nearest Countries With The Same Initial
100,210
4.78
Geography
Nov 3, 2010
Longest Countries II (All-Inclusive)
72,579
4.71
Geography
Oct 3, 2010
Go to Creator's Profile
Score Distribution
Quiz Creator Spotlight
dancastro
Follow
Send a Message
Quizzes Created
-
Created Quiz Play Count
-
More By This Creator
Popular Quizzes Today
1
Find the US States - No Outlines Minefield
2
Find the Countries of Europe - No Outlines Minefield
3
The Countries of the World
4
Find the US States
5
Risky Map Clicking: Biggest States A-Z
6
US States
7
Popular People in 1961
8
Movies - When Are They Set?
More Geography Quizzes
Can you name the capitals of all 50 states?
Quiz Lab
Trending Quizzes
Risky Map Clicking: Least Populous States A-Z
Countries of the World: 200 Million BC
Billboard Blitz: Aretha Franklin
1-10 Letter G Words
Famous Russians: Author or Composer?
Recently Updated
Leaping Animals
pecheneg
Reality TV Shows (A-Z)
bhenderson79
Rickey Henderson's Hall of Fame Teammates
pecheneg
Champions League XIs: Arsenal
pecheneg
Quick Pick: Celebrities in WWE's Hall of Fame
aduchscher
A-Z Keypad Blitz II
pecheneg
Multiple Oscar Actors
pecheneg
Mystery Phrase Blitz: Oscar 'Best Actors'
pecheneg
F. Scott Fitzgerald Novels
LTH
Pick 3 Villains
ddd62291
Trending Topics
Anime
Crossword
Disney
Kpop
Marvel
Harry Potter
NBA
NFL
WWE
Country
Song
Soccer
Puzzle
The Office
Pokémon
Your Account Isn't Verified!
In order to create a playlist on Sporcle, you need to verify the email address you used during registration. Go to your
Sporcle Settings
to finish the process.
Report this User
Report this user for behavior that violates our
Community Guidelines
.
Details:
Send Report
Go to the Sporcle.com Mobile Site →
Comments